| 000 | 00601nam a2200205 a 4500 | ||
|---|---|---|---|
| 005 | 20140311163027.0 | ||
| 008 | 080909s19uu xx 00 eng d | ||
| 020 | _a9780071263870 | ||
| 050 |
_aQA 76.64 _b.Sk57123 2009 |
||
| 100 | _aSkrien, Dale | ||
| 245 |
_aObject-oriented design using java / _cDale Skrien. |
||
| 260 |
_aBoston : _bMcGraw-Hill, _c2009. |
||
| 300 |
_a340 p. : _c24 cm. |
||
| 521 | _aIT | ||
| 650 | _aComputer Studies. | ||
| 650 | _aObject-oriented programming (Computer science). | ||
| 650 | _aJava (Computer program language). | ||
| 942 |
_cBK _2lcc _kFOR |
||
| 999 |
_c39557 _d39557 |
||